Revista de economía política / (Record no. 1825)

MARC details
000 -LEADER
campo de control de longitud fija 01245nas a2200349 i 4500
001 - NÚMERO DE CONTROL
campo de control 1825
003 - IDENTIFICADOR DE NÚMERO DE CONTROL
campo de control ES-MaACL
005 - FECHA Y HORA DE LA ÚLTIMA TRANSACCIÓN
campo de control 20250721062538.0
007 - CAMPO FIJO DE DESCRIPCIÓN FÍSICA--INFORMACIÓN GENERAL
campo de control de longitud fija t|
008 - DATOS DE LONGITUD FIJA--INFORMACIÓN GENERAL
campo de control de longitud fija 950801d19451983sp t| p n | ||pa d
022 ## - NÚMERO INTERNACIONAL NORMALIZADO PARA PUBLICACIONES SERIADAS
Número Internacional Normalizado para Publicaciones Seriadas 0034-8058
080 ## - NÚMERO DE LA CLASIFICACIÓN DECIMAL UNIVERSAL
Número de la Clasificación Decimal Universal (460)
080 ## - NÚMERO DE LA CLASIFICACIÓN DECIMAL UNIVERSAL
Número de la Clasificación Decimal Universal 33(05)
245 00 - MENCIÓN DEL TÍTULO
Título Revista de economía política /
Mención de responsabilidad, etc. Instituto de Estudios Políticos.
260 ## - PUBLICACIÓN, DISTRIBUCIÓN, ETC.
Lugar de publicación, distribución, etc. Madrid :
Nombre del editor, distribuidor, etc. Instituto de Estudios Políticos,
Fecha de publicación, distribución, etc. 1945-1983.
300 ## - DESCRIPCIÓN FÍSICA
Extensión 38 v. ;
Dimensiones 24 cm.
310 ## - PERIODICIDAD ACTUAL
Periodicidad actual Cuatrimestral
362 1# - FECHAS DE PUBLICACIÓN Y/O DESIGNACIÓN SECUENCIAL
Fecha de publicación y/o designación secuencial Vol. 1, n. 1 en.-mar. (1945)-n. 93 (en.-abr. 1983)
500 ## - NOTA GENERAL
Nota general Suspendida entre jul. 1945 y abr. 1950.
550 ## - NOTA DE ENTIDAD RESPONSABLE
Nota de entidad responsable Edita (1978- ): Centro de Estudios Constitucionales.
650 17 - PUNTO DE ACCESO ADICIONAL DE MATERIA--TÉRMINO DE MATERIA
Término de materia o nombre geográfico como elemento de entrada Economía
Fuente del encabezamiento o término embne
9 (RLIN) 12006
650 04 - PUNTO DE ACCESO ADICIONAL DE MATERIA--TÉRMINO DE MATERIA
Término de materia o nombre geográfico como elemento de entrada Economía-
Subdivisión de forma Historia.
9 (RLIN) 12012
700 1# - ENTRADA AGREGADA--NOMBRE PERSONAL
Nombre de persona Conde, F.J,
Término indicativo de función/relación
9 (RLIN) 194297
710 2# - ENTRADA AGREGADA--NOMBRE DE ENTIDAD CORPORATIVA
Nombre de entidad corporativa o nombre de jurisdicción como elemento de entrada Centro de Estudios Constitucionales (España)
9 (RLIN) 2618
710 2# - ENTRADA AGREGADA--NOMBRE DE ENTIDAD CORPORATIVA
Nombre de entidad corporativa o nombre de jurisdicción como elemento de entrada Instituto de Estudios Políticos (Madrid)
9 (RLIN) 4924
785 00 - ENTRADA/ENLACE A UN TÍTULO POSTERIOR
Encabezamiento principal .
Título Revista de historia económica
Número Internacional Normalizado para Publicaciones Seriadas 0212-6109
852 4# - LOCALIZACIÓN
Ubicación ES-MaACL
Número de control de estantería Hem-972
852 ## - LOCALIZACIÓN
Ubicación ES-MaACL
Número de control de estantería AND-995
Nota libre . - Biblioteca Juan Andrade
866 #0 - MENCIÓN TEXTUAL DE FONDOS--UNIDAD BIBLIOGRÁFICA BÁSICA
Fondos 1950-1961(1962f.n.30)1963-71(1972f.n.61)1973-82.
866 #0 - MENCIÓN TEXTUAL DE FONDOS--UNIDAD BIBLIOGRÁFICA BÁSICA
Fondos (1957, sólo v. 8., n. 2: may.-ag.).
Holdings
Estatus retirado Estado de pérdida Estado de daño No para préstamo Colección Biblioteca de origen Biblioteca actual Ubicación en estantería Fecha de adquisición Fuente de adquisición Total de préstamos Signatura topográfica completa Código de barras Visto por última vez Precio de reemplazo Tipo de ítem Koha
        Periódicos y Revistas Biblioteca del Ateneo de Madrid Biblioteca del Ateneo de Madrid Depósito 1 17/01/2008     Hem-972 1001862 23/02/2023 23/02/2023 Revista
        Periódicos y Revistas Biblioteca del Ateneo de Madrid Biblioteca del Ateneo de Madrid Depósito 2 17/01/2008     AND-995 1001863 23/02/2023 23/02/2023 Revista